00310nam a2200109Ia 4500003000400000008004100004040001600045082001500061245006000076260005300136300001100189GCL140319s9999 xx 000 0 eng d aGCL / cGCL04a616.89bMH10aHANDBOOK FOR SCREENING ADOLESCENTS AT PSYCHOSOCIAL RISK a[S.N] : bMacmillan Publishing Company ، c1994 a436 PP